00490nam a2200181Ia 4500001000900000003000500009005001700014008004100031010001100072040000900083082001500092100002100107245009100128260003800219300001100257500001600268650002400284dia_2243CHAP20230329132939.0220117s1979 xx 000 0 und d a172762 cCHAP a641.14 B3Y aBailey, Alton E. aAceites y Grasas Industriales /c por Alton E. Bailey, traducido por Luis Mora Cortaya aBuenos Aires :b Reverté,c1979 a741 p. a1 fotocopia a1.Aceites y grasas.